| 000 | 00463nam a2200169Ia 4500 | ||
|---|---|---|---|
| 008 | 230917s9999||||xx |||||||||||||| ||und|| | ||
| 020 | _cRS1200 | ||
| 040 |
_e235690 _aMAIN |
||
| 041 | _aEnglish | ||
| 082 | _a338.4791 S64T | ||
| 100 | _aSinha, P C | ||
| 245 | 0 | _aTourism transport and travel management | |
| 260 |
_aNew Delhi _bAnmol Publications _c2011 |
||
| 300 | _aviii, 279 p. | ||
| 500 | _a2449 09/11/2016 RBP16/62531 23/11/2016 IHTM (SFS) | ||
| 942 | _cBK | ||
| 999 |
_c19761 _d19761 |
||